[Event "Barcelona op-B"]
[Site "Barcelona"]
[Date "1998.??.??"]
[Round "5"]
[White "Gil Espla, J."]
[Black "Criado Molla, Rafael"]
[Result "1-0"]
[WhiteElo "2000"]
[BlackElo "1920"]
[PlyCount "49"]
[EventDate "1998.??.??"]
[EventType "swiss"]
[EventRounds "8"]
[EventCountry "ESP"]
[SourceTitle "EXT 2019"]
[Source "ChessBase"]
[SourceDate "2018.10.10"]
[SourceVersion "1"]
[SourceVersionDate "2018.10.10"]
[SourceQuality "1"]

1. e4 c5 2. Nf3 Nf6 3. e5 Nd5 4. d4 cxd4 5. Qxd4 e6 6. Bc4 d6 7. 0-0 Nc6 8. Qe4 Nb6 9. Bd3 dxe5 10. Nxe5 Nxe5 11. Qxe5 Qd6 12. Qe4 Bd7 13. Bf4 Bc6 14. Qe3 Qd5 15. Qg3 g6 16. Nc3 Qd8 17. Rad1 Nd7 18. Nb5 Bg7 19. Bd6 Nf6 20. Nc7+ Kd7 21. Nxa8 Nh5 22. Qe3 Qxa8 23. Be4 Bxe4 24. Qxe4 Ke8 25. Qa4+ 1-0

[Event "Barcelona op-B"]
[Site "Barcelona"]
[Date "1998.??.??"]
[Round "2"]
[White "Roche Peris, Eduard"]
[Black "Gil Espla, J."]
[Result "1-0"]
[WhiteElo "2045"]
[BlackElo "2000"]
[PlyCount "45"]
[EventDate "1998.??.??"]
[EventType "swiss"]
[EventRounds "8"]
[EventCountry "ESP"]
[SourceTitle "EXT 2019"]
[Source "ChessBase"]
[SourceDate "2018.10.10"]
[SourceVersion "1"]
[SourceVersionDate "2018.10.10"]
[SourceQuality "1"]

1. e4 e5 2. Nf3 Nc6 3. Bb5 a6 4. Ba4 Nf6 5. 0-0 Be7 6. Bxc6 dxc6 7. d3 Bg4 8. Nbd2 0-0 9. Nc4 Nd7 10. b3 f5 11. Bb2 fxe4 12. dxe4 Bxf3 13. gxf3 Bf6 14. Kh1 Qe8 15. Rg1 Kh8 16. Ne3 Rd8 17. Qf1 Qh5 18. Qg2 g6 19. Rad1 Rfe8 20. Bc1 Nf8 21. Ng4 Rxd1 22. Nxf6 Rxg1+ 23. Kxg1 1-0